Normal view MARC view
  • Earthing principles and practice

Entry Topical Term

Number of records used in: 1

001 - CONTROL NUMBER

  • control field: 103995

003 - CONTROL NUMBER IDENTIFIER

  • control field: NUST

005 - DATE AND TIME OF LATEST TRANSACTION

  • control field: 20221202113104.0

008 - FIXED-LENGTH DATA ELEMENTS

  • fixed length control field: 221202|| aca||aabn | a|a d

040 ## - CATALOGING SOURCE

  • Original cataloging agency: NUST
  • Transcribing agency: NUST

150 ## - HEADING--TOPICAL TERM

  • Topical term or geographic name entry element: Earthing principles and practice

670 ## - SOURCE DATA FOUND

  • Source citation: Work cat.: (NUST)184468: Ryder, R. W. 41454, Earthing principles and practice / , [1952]
© 2023 Central Library, National University of Sciences and Technology. All Rights Reserved.